Countries that are Covered by the Sahara Desert - Statistics

General Stats
  • This quiz has been taken 150 times
  • The average score is 11 of 11
Answer Stats
Countries % Correct
Libya
99%
Morocco
99%
Niger
99%
Algeria
98%
Chad
98%
Tunisia
98%
Sudan
97%
Egypt
96%
Mali
96%
Mauritania
95%
Eritrea
78%
No matching quizzes found
Score Distribution
Percent of People with Each Score
Percentile by Number Answered
Your Score History
You have not taken this quiz